000 00860cam a22002532 4500
999 _c127487
_d127487
001 9283171
003 ARRUPE
005 20180124114538.0
008 820322s1946 fr 000 0 fre
010 _aaf 47002080
040 _aDLC
_cCarP
_dDLC
041 1 _afre
_hrus
050 0 0 _aB4238.B43
_bO824 1946
100 1 _aBerdi︠a︡ev, Nikolaĭ,
_d1874-1948.
_938851
245 1 0 _aDe l'esclavage et de la liberté de l'homme...
_cNicolas Berdiaeff
260 _aParis,
_bDesclee de brouwer
_c1990
300 _a342p. ;
_c20 cm.
440 _aTheophanie
_938852
650 0 _aLiberty.
_97967
650 0 _aFree will and determinism.
_938853
700 1 _aJankélévitch, S.,
_d1869--
_etr.
_938854
906 _a7
_bcbc
_cpremver
_du
_encip
_f19
_gy-gencatlg
942 _2lcc
_cMONOGRAPH